ბათუმის შოთა რუსთაველის სახელმწიფო უნივერსიტეტის ბიბლიოთეკა

ასოცირების შესახებ შეთანხმება საქართველოსა და ევროკავშირს შორის (ბიბ.ჩანაწერი № 49405)

000 -LEADER
fixed length control field 00870nam a2200217Ia 4500
001 - CONTROL NUMBER
control field 16325
003 - CONTROL NUMBER IDENTIFIER
control field GE_BSU
008 - FIXED-LENGTH DATA ELEMENTS--GENERAL INFORMATION
fixed length control field 181216s||||||||xx |||||||||||||| ||und||
040 ## - CATALOGING SOURCE
Transcribing agency GE_BSU
080 ## - UNIVERSAL DECIMAL CLASSIFICATION NUMBER
Universal Decimal Classification number 341.217(4)+327(479.22)
245 ## - TITLE STATEMENT
Title ასოცირების შესახებ შეთანხმება საქართველოსა და ევროკავშირს შორის
260 ## - PUBLICATION, DISTRIBUTION, ETC.
Place of publication, distribution, etc. თბილისი
260 ## - PUBLICATION, DISTRIBUTION, ETC.
Name of publisher, distributor, etc. ბონა კაუზა
260 ## - PUBLICATION, DISTRIBUTION, ETC.
Date of publication, distribution, etc. 2014
300 ## - PHYSICAL DESCRIPTION
Extent 240გვ;20სმ.
653 ## - INDEX TERM--UNCONTROLLED
Uncontrolled term ასოცირების შესახებ შეთანხმება საქართველოსა და ევროკავშირს შორის
653 ## - INDEX TERM--UNCONTROLLED
Uncontrolled term ევროკავშირი
653 ## - INDEX TERM--UNCONTROLLED
Uncontrolled term სამართალი
942 ## - ADDED ENTRY ELEMENTS (KOHA)
Koha item type წიგნი
ეგზემპლარები
Withdrawn status Lost status Damaged status Not for loan Date acquired Barcode Date last seen Price effective from Koha item type
        2018-12-17 40591 2018-12-17 2018-12-17 წიგნი
        2018-12-17 40592 2018-12-17 2018-12-17 წიგნი